01327ngm a2200301 a 450000500170000000800410001708200190005824500870007725000190016430000620018349000430024550000900028850501560037860000590053465000520059370000340064570000310067970000280071070000300073874000650076894200120083326400420084533600270088733700330091433800280094704000350097599900150101020220317001303.0160825s1993 ck g 000 0 spa 04a791.4361bM14o10aOtto de Greiff, la música liberadacdirección Roberto Trianahvideograbación a1a. edición  a1 videocasete en VHS (55 minutos)bsonido, color c20 cm  aLa maletapdocumentales Colombianos, 1 aLa película pertenece a la colección La Maleta. Dirigida para un público adulto aNací partera [videocasete] / dirección Olga Patricia Paz -- Piel de gallina [videocasete] / dirección Mónica Arroyave , Carlos Enrique Espinosa14aGreiff, Otto de d1903- xHomenajes póstumos 968748142LEMBaCine documental colombianovVideocasetes 1 aTriana Arenas, Roberto9687491 aArroyave, Mónica,9687501 aEspinosa, Carlos9687511 aPaz, Olga Patricia968752 aPiel de gallina [videocasete] aNací partera [videocasete] 2ddccBK aBogotábMinisterio de Culturac1993 atextobtxt2rdacontent asin mediaciónbn2rdamedia avolumenbnc2rdacarrier aCO-BoRNBPbspaerdacCO-BoRNBP c6497d6497